|
|
|
|
| LEADER |
00000nam a22000007a 4500 |
| 005 |
20180327000558.0 |
| 007 |
cr|||| |||| |
| 008 |
180327s2015 mx |||||s|||| 00||0 spa d |
| 020 |
|
|
|a 978-607-8156-38-2
|
| 035 |
|
|
|a 21177
|
| 040 |
|
|
|a vLex
|
| 090 |
|
|
|c 7550
|d 7550
|
| 100 |
1 |
|
|a Baez Corona, Jose Francisco
|
| 245 |
1 |
0 |
|a Derechos Humanos y Juicios Orales en el Nuevo Sistema de Justicia Penal
|h [Recurso electrn̤ico] /
|c Jose Francisco Baez Corona, Carlos Antonio Vz̀quez Azuara, Carlos Garca̕ Mňdez
|
| 256 |
|
|
|a Servicio en ln̕ea
|
| 260 |
|
|
|a Veracruz:
|b Universidad de Xalapa,
|c 2015
|
| 300 |
|
|
|a 1 recurso electrn̤ico
|
| 506 |
1 |
|
|a Disponible solo en los productos indicados
|d vLex Global
|d vLex Global (Academic Edition, excluding Law Schools)
|d vLex Global (U.S. Academic Edition, Law Schools)
|d vLex Global (U.S. Academic Edition, excluding Law Schools)
|d vLex Global (Academic Edition, Law Schools)
|
| 650 |
0 |
4 |
|a Derecho Constitucional
|z Mx̌ico
|
| 650 |
0 |
4 |
|a Procedimiento Penal
|z Mx̌ico
|
| 700 |
1 |
|
|a Vz̀quez Azuara, Carlos Antonio
|
| 700 |
1 |
|
|a Garca̕ Mňdez, Carlos
|
| 740 |
0 |
|
|a vLex Libros (Servicio en ln̕ea)
|
| 856 |
4 |
0 |
|u http://vlex.com/source/derechos-humanos-juicios-orales-nuevo-sistema-justicia-penal-21177
|z Acceso restringido
|
| 942 |
|
|
|c BOOK
|
| 999 |
0 |
|
|a Constitutional Law
|
| 999 |
0 |
|
|a Criminal Procedure
|